The machining of steel, simply explained, (Record no. 548602)

000 -LEADER
fixed length control field 00615cam a2200181u 4500
082 ## - DEWEY DECIMAL CLASSIFICATION NUMBER
Classification number 671.35
Author Mark LEA
-- L-17, P-63
100 1# - MAIN ENTRY--PERSONAL NAME
Personal name Lea, F. C.
9 (RLIN) 40029
245 14 - TITLE STATEMENT
Title The machining of steel, simply explained,
Statement of responsibility, etc. Lea, F. C.
260 ## - PUBLICATION, DISTRIBUTION, ETC.
Place of publication, distribution, etc. London and Glasgow,
Name of publisher, distributor, etc. Blackie & son limited
Date of publication, distribution, etc. [1945]
300 ## - PHYSICAL DESCRIPTION
Extent vi p., 2 l., 214 p.
Other physical details illus., viii pl., diagrs.
Dimensions 19 cm.
526 ## - STUDY PROGRAM INFORMATION NOTE
Program name 0
Interest level 0
Reading level 0
Title point value 671_350000000000000_LEA
650 #0 - SUBJECT ADDED ENTRY--TOPICAL TERM
Topical term or geographic name entry element Machine-shop practice.
9 (RLIN) 36237
650 #0 - SUBJECT ADDED ENTRY--TOPICAL TERM
Topical term or geographic name entry element Machine-tools.
9 (RLIN) 25078
650 #0 - SUBJECT ADDED ENTRY--TOPICAL TERM
Topical term or geographic name entry element MCE
9 (RLIN) 379
650 #0 - SUBJECT ADDED ENTRY--TOPICAL TERM
Topical term or geographic name entry element Tool-steel.
9 (RLIN) 44962
700 1# - ADDED ENTRY--PERSONAL NAME
Personal name Simons, Eric N., [from old catalog]
9 (RLIN) 44954
942 ## - ADDED ENTRY ELEMENTS (KOHA)
Source of classification or shelving scheme
Koha item type Book
Holdings
Withdrawn status Lost status Source of classification or shelving scheme Damaged status Not for loan Permanent Location Current Location Date acquired Total Checkouts Full call number Barcode Date last seen Price effective from Koha item type
          Military College of Engineering (MCE) Military College of Engineering (MCE) 09/03/2014   671.35 LEA MCE-040107 09/03/2014 09/03/2014 Book
© 2023 Central Library, National University of Sciences and Technology. All Rights Reserved.